000 00618nam a2200205 4500
001 117650
003 ES-MaACL
005 20230906190938.0
007 t|
008 070214s1964 sp r ||||1| spa d
100 1 _aPap, Arthur.
_988855
245 1 0 _aTeoría analítica del conocimiento /
_cArthur Pap ; [traducción de F. Gracia Guillén].
260 _aMadrid :
_bTecnos,
_c1964.
300 _a324 p. ;
_c24 cm.
490 1 _aEstructura y función
700 0 _aGracia Guillén, Francisco.
_959470
830 0 _aEstructura y función
_9181428
852 _aES-MaACL
_jC-26674
_bR.55718
999 _c117650
_d117650